000
00217 a2200097 4500
001
9904
100
_a
Houghton, E L
245
_a
Aerodynamics for engineering students.
260
_a
_b
Arnold
_c
090
_c
7735
_d
7735
942
_a
NUST-CAE
_c
M
_c
34417
999
_c
244977
_d
244977